| 000 | 01349nam0a2200277 4500 | ||
|---|---|---|---|
| 001 | RU\NLR\BIBL_A\011716567 | ||
| 005 | 20260407081933.0 | ||
| 035 | _a(NLR Aleph) 011716567 | ||
| 090 |
_a11460011 _c11460011 |
||
| 100 | _a20180531d1970 |||y0rusy50 ca | ||
| 101 | 0 | _arus | |
| 102 | _aRU | ||
| 105 | _aa z 110zy | ||
| 200 | 1 |
_aМатериалы XI научной сессии, посвященной 100-летию со дня рождения В.И. Ленина _e(тезисы докладов) _fМ-во высш. и сред. спец. образования РСФСР, Якут. гос. ун-т |
|
| 210 |
_aЯкутск _c[б.и.] _d1970 |
||
| 215 |
_a181 с. _cграф. _d20 |
||
| 320 | _aБиблиогр. в конце докл. | ||
| 601 | 0 | 2 |
_aЯкутский государственный университет им. М.К. Аммосова _jСборники _xНаучные конференции _92039045 _3RU\NLR\AUTH\661223981 |
| 686 | 1 | _aЯ431(2Р-6Я-2Я)31 | |
| 710 | 0 | 2 |
_aЯкутский государственный университет им. М. К. Аммосова _bНаучная сессия _d11 _f1970 _9584538 _3RU\NLR\AUTH\8810042551 |
| 852 |
_aNLR _j71-3/5405 |
||
| 942 | _cBOOK | ||
| 980 | _aNB | ||